Деформирование геофизической среды и сейсмический процесс

Λεπτομέρειες βιβλιογραφικής εγγραφής
Κύριος συγγραφέας: Садовский М. А. Михаил Александрович
Συγγραφή απο Οργανισμό/Αρχή: Академия наук СССР (АН СССР) Институт физики Земли им. О. Ю. Шмидта (ИФЗ)
Άλλοι συγγραφείς: Болховитинов Л. Г. Лев Георгиевич (редактор), Писаренко В. Ф. Владилен Федорович, Кейлис-Борок В. И.
Γλώσσα:Ρωσικά
Έκδοση: Москва, Наука, 1987
Θέματα:
Μορφή: MixedMaterials Βιβλίο
KOHA link:https://koha.lib.tpu.ru/cgi-bin/koha/opac-detail.pl?biblionumber=110496

MARC

LEADER 00000nam0a2200000 4500
001 110496
005 20231101214934.0
020 |a RU  |b 87-15966 
035 |a (RuTPU)RU\TPU\book\119335 
090 |a 110496 
100 |a 20070224d1987 k y0rusy5003 ca 
101 0 |a rus 
102 |a RU 
105 |a a z 001zy 
200 1 |a Деформирование геофизической среды и сейсмический процесс  |f М. А. Садовский, Л. Г. Болховитинов, В. Ф. Писаренко  |g Академия наук СССР (АН СССР), Институт физики Земли им. О. Ю. Шмидта (ИФЗ) ; под ред. В. И. Кейлис-Борок 
210 |a Москва  |c Наука  |d 1987 
215 |a 100 с.  |c ил.  |d 22 см 
320 |a Библиогр.: с. 96-99 (80 назв.). 
610 1 |a геофизика 
610 1 |a сейсмичность 
610 1 |a геофизическая среда 
610 1 |a иерархические свойства 
610 1 |a сейсмический режим 
610 1 |a сейсмические процессы 
675 |a 550.34  |z rus  |v 3 
700 1 |a Садовский  |b М. А.  |c физик, геофизик, сейсмолог  |c академик РАН  |f 1904-1994  |g Михаил Александрович  |2 stltpush  |3 (RuTPU)RU\TPU\pers\11948  |9 3056 
701 1 |a Болховитинов  |b Л. Г.  |g Лев Георгиевич 
701 1 |a Писаренко  |b В. Ф.  |g Владилен Федорович 
702 1 |a Кейлис-Борок  |b В. И.  |4 340 
712 0 2 |a Академия наук СССР (АН СССР)  |b Институт физики Земли им. О. Ю. Шмидта (ИФЗ)  |c (Москва)  |2 stltpush  |3 (RuTPU)RU\TPU\col\209 
801 0 |a RU  |b RuMRKP  |c 19950417  |g psbo 
801 1 |a RU  |b 63413507  |c 20070224  |g PSBO 
801 2 |a RU  |b 63413507  |c 20220224  |g PSBO 
942 |c BK